00426cam a22001457a 4500008004000000020001500040082001500055100001400070245008300084260003100167300001000198650003000208650002200238650002000260180718b2005 xxu||||| |||| 00| 0 eng d a8190294687 aQ31x54 R18 aRao, V.M. aPoverty reduction in an elite-driven democracy: the case of Indiacby V.M. Rao aDelhibDaanish Booksc2005 a328p. aRural development - India aDemocracy - India aPoverty - India